Central Library OPAC University of Rajshahi

Business policy and strategic management / (Record no. 61685)

MARC details
000 -LEADER
fixed length control field 00911nam a2200289 a 4500
001 - CONTROL NUMBER
control field 61685
003 - CONTROL NUMBER IDENTIFIER
rucl marc code BD-RjUL
005 - DATE AND TIME OF LATEST TRANSACTION
control field 20211209081006.0
008 - FIXED-LENGTH DATA ELEMENTS--GENERAL INFORMATION
fixed length control field 170121s1984 enka b 001 0 eng
020 ## - INTERNATIONAL STANDARD BOOK NUMBER
International Standard Book Number 0070235317 :
Terms of availability $26.95 (est.)
035 ## - SYSTEM CONTROL NUMBER
System control number (BD-RjUL)61809
040 ## - CATALOGING SOURCE
Original cataloging agency DLC
Transcribing agency DLC
Modifying agency BD-RjUL
Language of cataloging eng
041 ## - LANGUAGE CODE
Language code of text/sound track or separate title eng
082 00 - DEWEY DECIMAL CLASSIFICATION NUMBER
Classification number 658.4012
Edition number 23
Author mark and year GLB 1984
100 1# - MAIN ENTRY--PERSONAL NAME
Personal name Glueck, William F.
9 (RLIN) 182897
245 10 - TITLE STATEMENT
Title Business policy and strategic management /
Statement of responsibility, etc. William F. Glueck, Lawrence R. Jauch.
250 ## - EDITION STATEMENT
Edition statement 4th ed.
260 ## - PUBLICATION, DISTRIBUTION, ETC. (IMPRINT)
Place of publication, distribution, etc. New York :
Name of publisher, distributor, etc. McGraw-Hill,
Date of publication, distribution, etc. c1984.
300 ## - PHYSICAL DESCRIPTION
Pagination xix, 875 p. :
Illustrations ill. ;
Size 24 cm.
504 ## - BIBLIOGRAPHY, ETC. NOTE
Bibliography, etc Includes bibliographical references and index.
650 #0 - SUBJECT ADDED ENTRY--TOPICAL TERM
Topical term or geographic name as entry element Business planning.
9 (RLIN) 175243
700 1# - ADDED ENTRY--PERSONAL NAME
Personal name Jauch, Lawrence R.
942 ## - ADDED ENTRY ELEMENTS (KOHA)
Source of classification or shelving scheme Dewey Decimal Classification
Koha item type Books
Holdings
Lost status Source of classification or shelving scheme Damaged status Not for loan Collection code Permanent Location Current Location Shelving location Date acquired Source of acquisition Cost, normal purchase price Total Checkouts Full call number Date last seen Copy number Koha item type
  Dewey Decimal Classification   Not For Loan Non-fiction Central Library, University of Rajshahi Central Library, University of Rajshahi Reading Room 29/04/1986 Tulip 30.00   658.4012 GLB 1984 21/01/2017 C-1 Books